Every 100,000+ city in India: Rajasthan - Statistics

General Stats
  • This quiz has been taken 10 times
  • The average score is 21 of 51
Answer Stats
Letter Population City % Correct
J 4,528,088 Jaipur
100%
A 1,038,115 Ajmer
89%
J 1,893,408 Jodhpur
89%
K 1,722,854 Kota
89%
U 903,496 Udaipur
89%
B 1,018,994 Bikaner
78%
A 681,056 Alwar
67%
B 411,635 Bharatpur
67%
B 728,163 Bhilwara
67%
J 146,050 Jaisalmer
67%
S-G 709,007 Sri Ganganagar
67%
B 284,350 Barmer
56%
B 202,761 Bundi
56%
H 339,027 Hanumangarh
56%
N 307,952 Nagaur
56%
P 576,195 Pali
56%
S-M 189,065 Sawai Madhopur
56%
T 323,081 Tonk
56%
C 150,705 Chittorgarh
44%
C 153,827 Churu
44%
J 158,095 Jhunjhunu
44%
K 215,608 Kishangarh
44%
P 102,177 Pratapgarh
44%
S 448,016 Sikar
44%
B 143,073 Banswara
33%
B 161,279 Baran
33%
D 172,290 Dausa
33%
D 256,117 Dholpur
33%
D 116,810 Dungarpur
33%
J 110,053 Jalore
33%
J 122,804 Jhalawar
33%
R 139,629 Rajsamand
33%
A-R 115,013 Abu Road
22%
B 272,550 Beawar
22%
B 318,249 Bhiwadi
22%
H 117,250 Hindaun
22%
K 106,190 Karauli
22%
P 120,497 Phalodi
22%
B 136,522 Balotra
11%
B 100,521 Bhinmal
11%
C 104,491 Chomu
11%
D 101,082 Didwana
11%
K-C 128,196 Kuchaman City
11%
M 113,598 Makrana
11%
N 141,035 Nokha
11%
S 102,686 Sadulpur
11%
S 101,723 Sangaria
11%
S 124,779 Sardarshahar
11%
S 119,127 Sujangarh
11%
S 134,508 Sumerpur
11%
S 296,554 Suratgarh
11%
No matching quizzes found
Score Distribution
Percent of People with Each Score
Percentile by Number Answered
Your Score History
You have not taken this quiz